Statistics for Countries with the Highest Percentage of Forest

Click here to take the quiz!

General Stats

  • This quiz has been taken 24,756 times
    (10,237 since last reset)
  • The average score is 13 of 21

Answer Stats

%ContinentCountry% Correct
92.8%South AmericaSuriname
90%
85.7%South AmericaGuyana
84%
62.4%OceaniaFiji
82%
77.5%OceaniaPapua New Guinea
78%
64.2%AfricaRep. of the Congo
77%
90.2%OceaniaPalau
73%
87.3%OceaniaSolomon Islands
73%
91.7%OceaniaF. S. Micronesia
69%
66.2%EuropeFinland
65%
70.1%AsiaLaos
64%
62.1%EuropeSweden
64%
87.9%AfricaGabon
56%
71.0%AsiaBhutan
53%
63.8%North AmericaDominica
52%
87.3%AfricaEquatorial Guinea
51%
65.9%AsiaBrunei
49%
73.3%North AmericaSt. Vincent and
the Grenadines
48%
66.0%AsiaJapan
48%
74.6%AfricaSeychelles
39%
62.7%AsiaSouth Korea
37%
68.4%AfricaLiberia
27%

Score Distribution

Percentile by Number Answered

Percent of People with Each Score

Your Score History

You have not taken this quiz since the last reset